| 000 | 00519 a2200205 4500 | ||
|---|---|---|---|
| 005 | 20260204145907.0 | ||
| 008 | 260204b |||||||| |||| 00| 0 eng d | ||
| 020 |
_a9789391418076 _cRs. 3650.00 |
||
| 040 | _aMAIN | ||
| 082 |
_a595.79 _bA87B |
||
| 100 | _aAbrol, Dharam P | ||
| 245 | _aBeekeeping: A concise guide | ||
| 260 |
_bScientific Publishers _c2024 _aJodhpur |
||
| 300 | _axxii, 500 | ||
| 650 | _aApiculture | ||
| 650 | _aBeekeeping | ||
| 650 | _aInsect Culture | ||
| 650 | _aZoology | ||
| 942 | _cBK | ||
| 999 |
_c395058 _d395058 |
||